| 000 | nam a22 7a 4500 | ||
|---|---|---|---|
| 999 |
_c127545 _d127545 |
||
| 008 | 180226b xxu||||| |||| 00| 0 eng d | ||
| 050 |
_aGN473 _b.W3 |
||
| 100 |
_aWalker, Andre Raponda _939527 |
||
| 245 |
_aRites et croyances des peuples du Gabon _bessai sur les pratiques religieuses d'autrefois et d'aujourd'hui _cAndre Raponda Walker and Roger Sillans |
||
| 260 |
_aParis _bPresence Africaine _c1962 |
||
| 300 |
_axx, 377p. ; _c22cm. |
||
| 650 |
_aRites and ceremonies _zGabon _939528 |
||
| 942 |
_2lcc _cMONOGRAPH |
||